000 01146nac a22002891i 4500
003 EG-ScBUE
005 20241112100205.0
008 241112s1994 enka f 001 0 eng d
020 _a052144554X
020 _a9780521498524
040 _aEG-ScBUE
_beng
_erda
_cEG-ScBUE
_dEG-ScBUE
082 0 4 _a519.5
_bFRA
_222
100 1 _aFrank, Harry,
_eauthor.
245 1 0 _aStatistics :
_bconcepts and applications /
_cHarry Frank, Department of Psychology, University of Michigan-Flint, Steven C. Althoen, Department of Mathematics, University of Michigan-Flint..
264 1 _aCambridge :
_bCambridge University Press,
_c1994
300 _axxvi, 853 pages :
_billustrations ;
_c27 cm
336 _2rdacontent
_atext
_btxt
337 _aunmediated
_2rdamedia
_bn
338 _avolume
_bnc
_2rdacarrier
500 _aIncludes index.
650 7 _aStatistics.
_2BUEsh
655 _vReading book
700 1 _aAlthoen, Steven C.,
_eauthor.
856 4 2 _3Publisher description
_uhttp://www.loc.gov/catdir/description/cam025/93027502.html
856 4 2 _3Table of contents
_uhttp://www.loc.gov/catdir/toc/cam028/93027502.html
942 _cBB
_2ddc
999 _c3961
_d3961